| 000 | 01181nam0a22002771 4500 | ||
|---|---|---|---|
| 001 | rc\2988644 | ||
| 005 | 20250809113248.0 | ||
| 035 | _a(NLR Aleph) 007132857 | ||
| 090 |
_a66282 _c66282 |
||
| 100 | _a20110914d1942 u y0rusy50 ca | ||
| 101 | 0 | _arus | |
| 102 | _aAZ | ||
| 105 | _ay z ||||| | ||
| 200 | 1 |
_aАгроуказания по культуре картофеля в Азербайджанской ССР на 1942 год _fНар. ком. зем. Азербайджанской ССР. Упр. агротехники и механизации |
|
| 210 |
_aБаку _cАзернешр _d1942 |
||
| 215 |
_a32 с. _d21 см |
||
| 300 | _aВ конце текста перев. загл. на азербайджанский яз. | ||
| 712 | 0 | 1 |
_aАзССР _bУправление агротехники и механизации _3RU\NLR\AUTH\889954073 _4570 |
| 801 | 0 |
_aRU _bNLR _gpsbo |
|
| 801 | 1 |
_aRU _bELAR _2rusmarc |
|
| 852 |
_aNLR _jС50 Г-4/118 |
||
| 942 | _cBOOK | ||
| 945 |
_aРоссийская национальная библиотека _aНациональная библиотека Азербайджана |
||
| 980 | _aNB | ||
| 980 | _aBV | ||